01015 2200277 4500001002100000005001500021035002000036020001800056100001800074650002000092650001000112245011800122264002000240090000800260008004100268082001000309084001900319250001700338260003200355300002300387700002800410700004400438700003300482520020400515990001800719INLIS00000000001243420230309100652 a0010-0619012434 a979-561-609-90 aQuthb, Sayyid 4aTafsir Al Quran 4aIslam1 aTafsir fi zhilalil qur'an /cSayyid Quthb; penerjemah, As'ad Yasin, Abdul Aziz Salim Basyarahil, Muchothob Hamzah ema Insani Press x1.3230309 g | ind  a2X1.3 aRF 2X1.3 QUT t aCetakan ke 4 aDepok :bGema Insani,c2008 a2 jilid ;c26,5 cm0 aAs'ad Yasinepenerjemah0 aAbdul Aziz Salim Basyarahilepenerjemah0 aMuchothob Hamzahepenerjemah abuku ini merupakan hasil tarbiyah rabbani yang didapat sang penulis dalam perjalanan dakwah yang ia geluti sepanjang hidupnya. untaian dalam buku ini adalah untaian yang kental dengan nuansa qur'ani. a016763.030902